LEADER 01414nam a2200313 a 4500 001 000000144914 003 CaOOAMICUS 005 20150716131930.0 008 150715s2002 sp u000 u spa r 020 $a84-88643-82-9 040 $aPUL$bita 082 04$a230.092 100 1 $aAvenatti de Palumbo, Cecilia I.$0(OLS)http://pul/name/92494 245 13$aLa literatura en la estética de Hans Urs von Balthasar :$bfigura, drama y verdad /$cCecilia Inés Avenatti de Palumbo. 260 $aSalamanca :$bSecretariado Trinitario,$c2002. 300 $aXXIV, 368 p. ;$c22 cm 490 1 $aKoinonia ;$v37 500 $aContiene indici. 504 $aBibliografia: p. [349]-361. 600 14$aBalthasar, Hans Urs von,$ccard.,$d1905-1988$xEstetica.$0(OLS)http://pul/subject/41964 830 0$aKoinonia (Secretariado Trinitario Salamanca) ;$v37.$0(OLS)http://pul/title/167771 850 $aPUL 852 $aPUL$W1$xSL Religione 3$y85$m230. 092 AVECE 1$j167402$qDDC 21$B167980$CPULBib$Z2$F167980 $H126171 $82 941 1 $a9 996 $6020$a84-88643-82-9$9(OLS)http://pul/number/158293 996 $6082$a230.092$9(OLS)http://pul/classification/553 996 $6245$aLa literatura en la estética de Hans Urs von Balthasar :$bfigura, drama y verdad$9(OLS)http://pul/title/183291 996 $6260$aSalamanca :$bSecretariado Trinitario$9(OLS)http://pul/publisher/49231 LEADER 01310nam a2200313 a 4500 001 000000151448 003 CaOOAMICUS 005 20160429101811.0 008 160429s2016 vc u000 u ita r 020 $a978-88-465-1055-6* 032 $aLibriCat 040 $aPUL$bita 082 04$a230 100 1 $aTrianni, Paolo,$d1968-$0(OLS)http://pul/name/70458 245 10$aNostra aetate : $balle radici del dialogo interreligioso /$cPaolo Trianni. 260 $aCittŕ del Vaticano :$bLateran University Press,$c©2016. 300 $a250 p. ;$c25 cm. 490 1 $aEcclesia Mater. Studi ;$v06 504 $aBibliografia p. 243-248. 650 4$aDialogo interreligioso.$0(OLS)http://pul/subject/33329 830 0$aEcclesia Mater$pStudi ;$v06.$0(OLS)http://pul/title/173692 850 $aPUL 852 $aPUL$W1$xSL Religione 3$y85$m230 COLL 10.6$j174001$qDDC 21$B176432$CPULBib$Z2$F176432 $H127641 $81 941 1 $a9 996 $6020$a978-88-465-1055-6*$9(OLS)http://pul/number/160316 996 $6082$a230$9(OLS)http://pul/classification/368 996 $6245$aNostra aetate : $balle radici del dialogo interreligioso$9(OLS)http://pul/title/190703 996 $6260$aCittŕ del Vaticano :$bLateran University Press$9(OLS)http://pul/publisher/74585